Find the ITALIEN BRAINROT ANIMAL with pictures - Statistiques

Statistiques générales
  • Ce quiz a été pris 150 fois
  • Le résultat moyen est 4 sur 7
Statistiques - réponses
Par images Réponse % Correct
Tung Tung Tung Sahur
91%
Brr Brr Patapim
77%
Chimpanzini Bananini
75%
Lirili Larila
73%
Tralalero Tralala
71%
Bombardiro Crocodilo
30%
Cocofanto Elefanto
24%
Aucun quiz correspondant
Distribution des résultats
% des personnes avec chaque résultat
Percentile par nombre de réponses
Votre historique - résultats
Vous n’avez pas pris ce quiz